000
00299nam a22001337a 4500
003
SGT
082
_a
340,SAN
100
_a
SANKARAN, KAMALA
245
_a
JURISPRUDENCE - II
260
_a
NEW DELHI
_b
UNIVERSITY OF DELHI
_c
2015
300
_a
181
650
_a
JURISPRUDENCE - II
942
_2
ddc
_c
BK
_0
7
999
_c
15286
_d
15286